00964nam a2200277 i 4500001000300000100003100003245009500034250002900129260003500158300003200193490002800225504002200253650006000275700003200335830002800367020001500395040000800410041000700418080001900425920001800444942000700462008004100469999001700510856009800527952006100625bg1 aADAMIAK, Barbarad(1949- )10aKodeks postępowania administracyjnego :bkomentarz /cBarbara Adamiak, Janusz Borkowski. a5 wyd. zaktual. i rozsz. aWarszawa :bC. H. Beck,c2003. aXVII, [1], 959 s. ;c23 cm.1 aDuże Komentarze Becka aBibliogr. Indeks. 9aPostępowanie administracyjnezPolskaystan na 2002 r.1 aBORKOWSKI, Januszd(1934- ) aDuże Komentarze Becka a8372479208 cBPK0 apl a351.077.3(438) a83-7247-920-8 cKS s pl f |000 0 pol  c42586d42586 uhttp://koha.tu.koszalin.pl/cgi-bin/koha/opac-detail.pl?biblionumber=42586yKatalog online BPK 00104070aBPKbBPKcwo66931p01980301s2014-02-24yKS